| 000 | 00488nam a2200217Ia 4500 | ||
|---|---|---|---|
| 003 | IT-RoPAU | ||
| 008 | 120407s9999 xx 000 0 und d | ||
| 040 | _aIT-RoPAU | ||
| 040 | _cIT-RoPAU | ||
| 041 | _aita | ||
| 100 | _aRaymond E. Brown | ||
| 245 | _aGiovanni. Commento al Vangelo spirituale. 3a ed. | ||
| 250 | _aAssisi | ||
| 260 | _aCittadella | ||
| 260 | _c1991 | ||
| 300 | _c20,5 cm | ||
| 490 | _aCommenti e studi biblici | ||
| 490 | _v1 | ||
| 942 | _cBK | ||
| 999 |
_c23019 _d23019 |
||